<?xml version="1.0" encoding="UTF-8"?>
<collection xmlns="http://www.loc.gov/MARC21/slim">
  <record>
    <leader>00000nam  2200000   4500</leader>
    <controlfield tag="001">INLIS000000000019035</controlfield>
    <controlfield tag="005">20250130102557</controlfield>
    <datafield tag="035" ind1="#" ind2="#">
      <subfield code="a">0010-0125000179</subfield>
    </datafield>
    <controlfield tag="007">ta</controlfield>
    <controlfield tag="008">250130################g##########1#ind##</controlfield>
    <datafield tag="020" ind1="#" ind2="#">
      <subfield code="a">978-623-00-1883-1</subfield>
    </datafield>
    <datafield tag="082" ind1="#" ind2="#">
      <subfield code="a">813</subfield>
    </datafield>
    <datafield tag="084" ind1="#" ind2="#">
      <subfield code="a">813 ANI c</subfield>
    </datafield>
    <datafield tag="100" ind1=" " ind2="#">
      <subfield code="a">Anies Hidayatie</subfield>
    </datafield>
    <datafield tag="245" ind1="1" ind2="#">
      <subfield code="a">Cerpen Antologi Cinta /</subfield>
      <subfield code="c">Anies Hidayatie</subfield>
    </datafield>
    <datafield tag="260" ind1="#" ind2="#">
      <subfield code="a">Jakarta :</subfield>
      <subfield code="b">Elex Media Komputindo,</subfield>
      <subfield code="c">2021</subfield>
    </datafield>
    <datafield tag="300" ind1="#" ind2="#">
      <subfield code=";"/>
      <subfield code="c">3.5 MB</subfield>
    </datafield>
    <datafield tag="650" ind1="#" ind2="4">
      <subfield code="a">Cerita pendek</subfield>
    </datafield>
    <datafield tag="520" ind1="#" ind2="#">
      <subfield code="a">Cinta? Sejak manusia diciptakan, tak ada yang mampu mendiskripsikan secara gamblang apa itu sebenarnya Cinta. Sebab Cinta memang bukanlah sebuah benda. Cinta adalah _rasa_ Seperti kumpulan cerpen yang digagas oleh para penulis asal Kota Malang yang mengangkat tema Cinta ini. Ada beragam bentuk Cinta di dalamnya. Ada Cinta yang diungkapkan secara terang-terangan, ada yang sembunyi-sembunyi, dan ada pula yang tersiratkan lewat nyanyian hujan. Sekali lagi, membahas Cinta tidak akan pernah ada habisnya. Karena Cinta memang diciptakan sebegitu melimpah. Jadi, tidak ada alasan bagi kita untuk menyia-nyiakannya, bukan?</subfield>
    </datafield>
    <datafield tag="856" ind1="#" ind2="#">
      <subfield code="a">https://web-ipustakalan.moco.co.id/book/319d76ad-e642-46cf-8d75-ac9635f2c2f0</subfield>
    </datafield>
    <datafield tag="990" ind1="#" ind2="#">
      <subfield code="a">2024/4/A/0088</subfield>
    </datafield>
    <datafield tag="990" ind1="#" ind2="#">
      <subfield code="a">2024/4/A/0089</subfield>
    </datafield>
  </record>
</collection>
